[Event "DEM U16 2025"]
[Site "Willingen GER"]
[Date "2025.06.08"]
[Round "2"]
[White "Nönnig, Jakob"]
[Black "Herrmann, Jakob"]
[Result "0-1"]
[Termination "normal"]
[Board "8"]
[BlackTitle "FM"]
[WhiteElo "2096"]
[BlackElo "2296"]
[WhiteClock "01:34:55"]
[BlackClock "01:34:50"]
[PlyCount "86"]
[WhiteFideId "16289447"]
[BlackFideId "16287169"]
[EventCountry "GER"]
[EventRounds "9"]
[EventType "swiss"]
[EventDate "2025.06.07"]

1. e4 {[%clk 01:30:58]} {[%emt 00:00:02]} c6 {[%clk 01:30:53]} {[%emt
00:00:08]} 2. d4 {[%clk 01:31:22]} {[%emt 00:00:06]} d5 {[%clk 01:31:17]}
{[%emt 00:00:06]} 3. Nd2 {[%clk 01:31:43]} {[%emt 00:00:09]} dxe4 {[%clk
01:31:41]} {[%emt 00:00:06]} 4. Nxe4 {[%clk 01:32:06]} {[%emt 00:00:07]} Nf6
{[%clk 01:32:05]} {[%emt 00:00:05]} 5. Nxf6+ {[%clk 01:32:28]} {[%emt
00:00:09]} exf6 {[%clk 01:32:28]} {[%emt 00:00:06]} 6. c3 {[%clk 01:32:51]}
{[%emt 00:00:08]} Bd6 {[%clk 01:32:54]} {[%emt 00:00:04]} 7. Bd3 {[%clk
01:33:12]} {[%emt 00:00:08]} O-O {[%clk 01:33:18]} 8. Qc2 {[%clk 01:33:36]}
{[%emt 00:00:13]} Re8+ {[%clk 01:33:43]} 9. Ne2 {[%clk 01:33:57]} {[%emt
00:00:13]} h5 {[%clk 01:34:08]} 10. Be3 {[%clk 01:34:20]} {[%emt 00:00:13]} Nd7
{[%clk 01:34:15]} 11. c4 {[%clk 01:34:35]} {[%emt 00:00:38]} Nf8 {[%clk
01:34:25]} 12. O-O-O {[%clk 01:34:55]} {[%emt 00:00:28]} Be6 {[%clk 01:34:50]}
13. Kb1 {[%clk 01:34:55]} Rc8 14. a3 {[%clk 01:34:55]} b5 {[%clk 01:34:50]} 15.
c5 {[%clk 01:34:55]} Be7 {[%clk 01:34:50]} 16. Nc3 {[%clk 01:34:55]} Qa5 {[%clk
01:34:50]} 17. d5 {[%clk 01:34:55]} Bxd5 {[%clk 01:34:50]} 18. Nxd5 {[%clk
01:34:55]} cxd5 {[%clk 01:34:50]} 19. Bf5 {[%clk 01:34:55]} Rcd8 {[%clk
01:34:50]} 20. Rd4 {[%clk 01:34:55]} g6 {[%clk 01:34:50]} 21. Bh3 {[%clk
01:34:55]} f5 {[%clk 01:34:50]} 22. Rhd1 {[%clk 01:34:55]} Ne6 {[%clk
01:34:50]} 23. Rxd5 {[%clk 01:34:55]} Bg5 {[%clk 01:34:50]} 24. Bxg5 {[%clk
01:34:55]} Nxg5 {[%clk 01:34:50]} 25. b4 {[%clk 01:34:55]} Qc7 {[%clk
01:34:50]} 26. Qb3 {[%clk 01:34:55]} a5 {[%clk 01:34:50]} 27. Rxd8 {[%clk
01:34:55]} Rxd8 {[%clk 01:34:50]} 28. Rxd8+ {[%clk 01:34:55]} Qxd8 {[%clk
01:34:50]} 29. Qc2 {[%clk 01:34:55]} axb4 {[%clk 01:34:50]} 30. axb4 {[%clk
01:34:55]} Qd4 {[%clk 01:34:50]} 31. c6 {[%clk 01:34:55]} Qxb4+ {[%clk
01:34:50]} 32. Kc1 {[%clk 01:34:55]} Qe1+ {[%clk 01:34:50]} 33. Kb2 {[%clk
01:34:55]} Qe5+ {[%clk 01:34:50]} 34. Kb3 {[%clk 01:34:55]} Ne6 {[%clk
01:34:50]} 35. Kb4 {[%clk 01:34:55]} Qd6+ {[%clk 01:34:50]} 36. Ka5 {[%clk
01:34:55]} Qc7+ {[%clk 01:34:50]} 37. Ka6 {[%clk 01:34:55]} b4 {[%clk
01:34:50]} 38. g3 {[%clk 01:34:55]} b3 {[%clk 01:34:50]} 39. Qc3 {[%clk
01:34:55]} Qb8 {[%clk 01:34:50]} 40. Bf1 {[%clk 01:34:55]} b2 {[%clk 01:34:50]}
41. Bd3 {[%clk 01:34:55]} b1=Q {[%clk 01:34:50]} 42. Bxb1 {[%clk 01:34:55]}
Nc7+ {[%clk 01:34:50]} 43. Ka5 {[%clk 01:34:55]} Qb5# {[%clk 01:34:50]} 0-1

[Event "DEM U16 2025"]
[Site "Willingen GER"]
[Date "2025.06.08"]
[Round "2"]
[White "Mester, Philipp"]
[Black "Jahnz, Laurin"]
[Result "1/2-1/2"]
[Termination "normal"]
[Board "9"]
[BlackTitle "CM"]
[WhiteElo "2162"]
[BlackElo "2221"]
[WhiteClock "00:03:15"]
[BlackClock "00:06:58"]
[PlyCount "78"]
[WhiteFideId "34624902"]
[BlackFideId "16261089"]
[EventCountry "GER"]
[EventRounds "9"]
[EventType "swiss"]
[EventDate "2025.06.07"]

1. d4 {[%clk 01:30:57]} Nf6 {[%clk 01:30:57]} {[%emt 00:00:04]} 2. c4 {[%clk
01:31:22]} {[%emt 00:00:06]} e6 {[%clk 01:31:24]} {[%emt 00:00:03]} 3. Nc3
{[%clk 01:31:47]} {[%emt 00:00:05]} Bb4 {[%clk 01:31:51]} {[%emt 00:00:03]} 4.
Bd2 {[%clk 01:31:21]} {[%emt 00:00:56]} O-O {[%clk 01:31:56]} {[%emt 00:00:25]}
5. Nf3 {[%clk 01:31:39]} {[%emt 00:00:12]} d6 {[%clk 01:31:20]} {[%emt
00:01:06]} 6. Qc2 {[%clk 01:24:21]} {[%emt 00:07:47]} Nbd7 {[%clk 01:29:57]}
{[%emt 00:01:54]} 7. a3 {[%clk 01:21:12]} {[%emt 00:03:39]} Bxc3 {[%clk
01:30:01]} {[%emt 00:00:24]} 8. Bxc3 {[%clk 01:21:36]} {[%emt 00:00:07]} Re8
{[%clk 01:30:08]} {[%emt 00:00:24]} 9. Rd1 {[%clk 01:11:49]} {[%emt 00:10:17]}
Qe7 {[%clk 01:29:07]} {[%emt 00:01:31]} 10. e4 {[%clk 01:03:59]} {[%emt
00:08:20]} e5 {[%clk 01:28:49]} {[%emt 00:00:47]} 11. dxe5 {[%clk 00:59:19]}
{[%emt 00:05:11]} Nxe5 {[%clk 01:26:18]} {[%emt 00:03:00]} 12. Nxe5 {[%clk
00:57:39]} {[%emt 00:02:10]} dxe5 {[%clk 01:26:18]} {[%emt 00:00:30]} 13. Be2
{[%clk 00:53:36]} {[%emt 00:04:33]} b6 {[%clk 01:23:28]} {[%emt 00:03:20]} 14.
O-O {[%clk 00:49:01]} {[%emt 00:05:05]} Bb7 {[%clk 01:23:52]} {[%emt 00:00:05]}
15. Bd3 {[%clk 00:49:13]} {[%emt 00:00:17]} Rad8 {[%clk 01:19:35]} {[%emt
00:04:48]} 16. Qe2 {[%clk 00:48:54]} {[%emt 00:00:49]} Nd7 {[%clk 01:17:33]}
{[%emt 00:02:32]} 17. Bc2 {[%clk 00:48:04]} {[%emt 00:01:21]} f6 {[%clk
01:15:58]} {[%emt 00:02:04]} 18. Ba4 {[%clk 00:45:51]} {[%emt 00:02:43]} c6
{[%clk 01:12:23]} {[%emt 00:04:06]} 19. b4 {[%clk 00:43:54]} {[%emt 00:02:26]}
Kh8 {[%clk 01:06:25]} {[%emt 00:06:29]} 20. g3 {[%clk 00:30:15]} {[%emt
00:14:10]} Nf8 {[%clk 01:03:30]} {[%emt 00:03:24]} 21. c5 {[%clk 00:19:38]}
{[%emt 00:11:08]} Ne6 {[%clk 00:57:34]} {[%emt 00:06:25]} 22. cxb6 {[%clk
00:19:28]} {[%emt 00:00:40]} axb6 {[%clk 00:57:52]} {[%emt 00:00:12]} 23. Qe3
{[%clk 00:17:38]} {[%emt 00:02:18]} Ra8 {[%clk 00:41:41]} {[%emt 00:16:44]} 24.
Bb3 {[%clk 00:17:36]} {[%emt 00:00:31]} Rxa3 {[%clk 00:39:02]} {[%emt
00:03:09]} 25. Bxe6 {[%clk 00:17:58]} {[%emt 00:00:09]} Qxe6 {[%clk 00:39:31]}
{[%emt 00:00:01]} 26. Qxb6 {[%clk 00:17:50]} {[%emt 00:00:38]} Ba6 {[%clk
00:35:00]} {[%emt 00:05:01]} 27. Rfe1 {[%clk 00:17:08]} {[%emt 00:01:11]} Bb5
{[%clk 00:35:21]} {[%emt 00:00:09]} 28. Qc5 {[%clk 00:15:01]} {[%emt 00:02:37]}
Qg4 {[%clk 00:29:56]} {[%emt 00:05:54]} 29. Qe7 {[%clk 00:13:13]} {[%emt
00:02:20]} Rg8 {[%clk 00:25:27]} {[%emt 00:04:58]} 30. Bb2 {[%clk 00:10:45]}
{[%emt 00:02:58]} Ra2 {[%clk 00:24:17]} {[%emt 00:01:41]} 31. Rd8 {[%clk
00:09:56]} {[%emt 00:01:18]} Bc4 {[%clk 00:20:23]} {[%emt 00:04:24]} 32. Rxg8+
{[%clk 00:09:03]} {[%emt 00:01:23]} Bxg8 {[%clk 00:20:51]} {[%emt 00:00:02]}
33. Bc1 {[%clk 00:08:24]} {[%emt 00:01:10]} Qf3 {[%clk 00:20:11]} {[%emt
00:01:10]} 34. Qc5 {[%clk 00:08:28]} {[%emt 00:00:25]} h5 {[%clk 00:17:29]}
{[%emt 00:03:12]} 35. Qe3 {[%clk 00:08:21]} {[%emt 00:00:38]} Qg4 {[%clk
00:17:26]} {[%emt 00:00:32]} 36. Qd3 {[%clk 00:04:04]} {[%emt 00:04:47]} Be6
{[%clk 00:14:38]} {[%emt 00:03:18]} 37. f3 {[%clk 00:02:59]} {[%emt 00:01:36]}
Qg6 {[%clk 00:12:56]} {[%emt 00:02:11]} 38. Re2 {[%clk 00:02:57]} {[%emt
00:00:33]} Ra1 {[%clk 00:09:36]} {[%emt 00:03:50]} 39. Qc3 {[%clk 00:03:15]}
{[%emt 00:00:12]} Ra6 {[%clk 00:06:58]} {[%emt 00:03:07]} 1/2-1/2

[Event "DEM U16 2025"]
[Site "Willingen GER"]
[Date "2025.06.08"]
[Round "2"]
[White "Rose, Simeon"]
[Black "Lu, Yunong Elias"]
[Result "0-1"]
[Termination "normal"]
[Board "10"]
[WhiteElo "1864"]
[BlackElo "2072"]
[WhiteClock "00:16:34"]
[BlackClock "00:11:28"]
[PlyCount "66"]
[WhiteFideId "34625062"]
[BlackFideId "16276426"]
[EventCountry "GER"]
[EventRounds "9"]
[EventType "swiss"]
[EventDate "2025.06.07"]

1. e4 {[%clk 01:30:59]} e5 {[%clk 01:30:52]} {[%emt 00:00:03]} 2. Nc3 {[%clk
01:30:09]} {[%emt 00:01:26]} Nc6 {[%clk 01:30:32]} {[%emt 00:00:49]} 3. Bc4
{[%clk 01:30:33]} {[%emt 00:00:07]} Nf6 {[%clk 01:28:22]} {[%emt 00:02:40]} 4.
d3 {[%clk 01:30:48]} {[%emt 00:00:15]} Bc5 {[%clk 01:28:42]} {[%emt 00:00:10]}
5. a3 {[%clk 01:26:24]} {[%emt 00:04:55]} a6 {[%clk 01:25:51]} {[%emt
00:03:21]} 6. Bg5 {[%clk 01:26:09]} {[%emt 00:00:45]} h6 {[%clk 01:24:24]}
{[%emt 00:01:57]} 7. Bh4 {[%clk 01:26:34]} {[%emt 00:00:05]} d6 {[%clk
01:21:08]} {[%emt 00:03:45]} 8. Nd5 {[%clk 01:21:30]} {[%emt 00:05:35]} g5
{[%clk 01:20:37]} {[%emt 00:01:02]} 9. Bg3 {[%clk 01:20:35]} {[%emt 00:01:24]}
Nxd5 {[%clk 01:20:18]} {[%emt 00:00:49]} 10. Bxd5 {[%clk 01:20:41]} {[%emt
00:00:24]} Ne7 {[%clk 01:19:27]} {[%emt 00:01:21]} 11. Ba2 {[%clk 01:19:49]}
{[%emt 00:01:22]} Ng6 {[%clk 01:18:21]} {[%emt 00:01:36]} 12. Qd2 {[%clk
01:14:14]} {[%emt 00:06:05]} Qf6 {[%clk 01:06:08]} {[%emt 00:12:44]} 13. O-O-O
{[%clk 01:11:13]} {[%emt 00:03:31]} Bb6 {[%clk 00:55:39]} {[%emt 00:10:59]} 14.
Ne2 {[%clk 01:07:48]} {[%emt 00:03:55]} Be6 {[%clk 00:34:28]} {[%emt 00:21:41]}
15. Bxe6 {[%clk 01:05:56]} {[%emt 00:02:22]} fxe6 {[%clk 00:30:44]} {[%emt
00:04:12]} 16. f3 {[%clk 01:01:13]} {[%emt 00:05:14]} Rg8 {[%clk 00:30:00]}
{[%emt 00:01:13]} 17. Rhf1 {[%clk 00:57:13]} {[%emt 00:04:30]} Nf4 {[%clk
00:27:55]} {[%emt 00:02:36]} 18. Nc3 {[%clk 00:49:08]} {[%emt 00:08:36]} O-O-O
{[%clk 00:26:21]} {[%emt 00:02:04]} 19. Bf2 {[%clk 00:48:38]} {[%emt 00:00:59]}
Bxf2 {[%clk 00:25:10]} {[%emt 00:01:42]} 20. Rxf2 {[%clk 00:49:04]} {[%emt
00:00:04]} Rdf8 {[%clk 00:22:48]} {[%emt 00:02:52]} 21. Rdf1 {[%clk 00:46:13]}
{[%emt 00:03:21]} h5 {[%clk 00:20:01]} {[%emt 00:03:17]} 22. Nd1 {[%clk
00:43:13]} {[%emt 00:03:31]} Rg7 {[%clk 00:16:39]} {[%emt 00:03:51]} 23. Ne3
{[%clk 00:39:22]} {[%emt 00:04:21]} Rgf7 {[%clk 00:16:29]} {[%emt 00:00:40]}
24. g3 {[%clk 00:33:31]} {[%emt 00:06:21]} Nh3 {[%clk 00:15:42]} {[%emt
00:01:16]} 25. Rg2 {[%clk 00:25:02]} {[%emt 00:08:59]} Qh6 {[%clk 00:12:01]}
{[%emt 00:04:12]} 26. Qe2 {[%clk 00:23:24]} {[%emt 00:02:06]} g4 {[%clk
00:12:20]} {[%emt 00:00:11]} 27. f4 {[%clk 00:20:05]} {[%emt 00:03:49]} exf4
{[%clk 00:12:45]} {[%emt 00:00:06]} 28. gxf4 {[%clk 00:20:20]} {[%emt
00:00:16]} Nxf4 {[%clk 00:13:05]} {[%emt 00:00:08]} 29. Rxf4 {[%clk 00:20:37]}
{[%emt 00:00:14]} Rxf4 {[%clk 00:13:18]} {[%emt 00:00:17]} 30. Kb1 {[%clk
00:20:47]} {[%emt 00:00:20]} Qf6 {[%clk 00:12:47]} {[%emt 00:01:01]} 31. Rg3
{[%clk 00:19:00]} {[%emt 00:02:18]} Rf2 {[%clk 00:11:01]} {[%emt 00:02:15]} 32.
Qe1 {[%clk 00:17:07]} {[%emt 00:02:23]} Rxh2 {[%clk 00:11:15]} {[%emt
00:00:15]} 33. Rg1 {[%clk 00:16:34]} {[%emt 00:01:03]} Qf2 {[%clk 00:11:28]}
{[%emt 00:00:18]} 0-1

[Event "DEM U16 2025"]
[Site "Willingen GER"]
[Date "2025.06.08"]
[Round "2"]
[White "Skembris, Simon Max"]
[Black "Sickmann, Lisa"]
[Result "1-0"]
[Termination "normal"]
[Board "11"]
[WhiteTitle "CM"]
[BlackTitle "WFM"]
[WhiteElo "2199"]
[BlackElo "1974"]
[WhiteClock "00:25:42"]
[BlackClock "00:19:23"]
[PlyCount "100"]
[WhiteFideId "16281381"]
[BlackFideId "16267818"]
[EventCountry "GER"]
[EventRounds "9"]
[EventType "swiss"]
[EventDate "2025.06.07"]

1. e4 {[%clk 01:30:57]} c5 {[%clk 01:30:58]} {[%emt 00:00:05]} 2. Nf3 {[%clk
01:31:22]} {[%emt 00:00:04]} e6 {[%clk 01:31:25]} {[%emt 00:00:03]} 3. d4
{[%clk 01:31:45]} {[%emt 00:00:08]} cxd4 {[%clk 01:31:51]} {[%emt 00:00:03]} 4.
Nxd4 {[%clk 01:32:11]} {[%emt 00:00:04]} Nf6 {[%clk 01:32:18]} {[%emt
00:00:03]} 5. Nc3 {[%clk 01:32:34]} {[%emt 00:00:06]} Nc6 {[%clk 01:32:45]}
{[%emt 00:00:03]} 6. Ndb5 {[%clk 01:33:00]} {[%emt 00:00:04]} d6 {[%clk
01:33:09]} {[%emt 00:00:05]} 7. Bf4 {[%clk 01:33:24]} {[%emt 00:00:06]} e5
{[%clk 01:33:36]} {[%emt 00:00:03]} 8. Bg5 {[%clk 01:33:47]} {[%emt 00:00:07]}
a6 {[%clk 01:34:03]} {[%emt 00:00:04]} 9. Na3 {[%clk 01:34:12]} {[%emt
00:00:04]} b5 {[%clk 01:34:30]} {[%emt 00:00:03]} 10. Nd5 {[%clk 01:34:35]}
{[%emt 00:00:07]} Be7 {[%clk 01:34:45]} {[%emt 00:00:15]} 11. Bxf6 {[%clk
01:34:56]} {[%emt 00:00:09]} Bxf6 {[%clk 01:35:11]} {[%emt 00:00:04]} 12. c3
{[%clk 01:35:17]} {[%emt 00:00:09]} Bg5 {[%clk 01:35:36]} {[%emt 00:00:05]} 13.
Nc2 {[%clk 01:35:30]} {[%emt 00:00:17]} Ne7 {[%clk 01:35:50]} {[%emt 00:00:17]}
14. Ncb4 {[%clk 01:34:20]} {[%emt 00:01:40]} O-O {[%clk 01:34:51]} {[%emt
00:01:29]} 15. a4 {[%clk 01:32:34]} {[%emt 00:02:15]} bxa4 {[%clk 01:33:36]}
{[%emt 00:01:45]} 16. Rxa4 {[%clk 01:29:35]} {[%emt 00:03:29]} a5 {[%clk
01:32:22]} {[%emt 00:01:44]} 17. Nxe7+ {[%clk 01:28:49]} {[%emt 00:01:17]} Qxe7
{[%clk 01:31:41]} {[%emt 00:01:11]} 18. Nd5 {[%clk 01:28:06]} {[%emt 00:01:13]}
Qb7 {[%clk 01:30:39]} {[%emt 00:01:30]} 19. b3 {[%clk 01:25:59]} {[%emt
00:02:38]} Bd7 {[%clk 01:26:44]} {[%emt 00:04:24]} 20. h4 {[%clk 01:18:16]}
{[%emt 00:08:14]} Bd8 {[%clk 01:18:36]} {[%emt 00:08:38]} 21. Ra2 {[%clk
01:17:17]} {[%emt 00:01:30]} Rb8 {[%clk 01:14:55]} {[%emt 00:04:11]} 22. Bc4
{[%clk 01:16:22]} {[%emt 00:01:25]} a4 {[%clk 01:11:09]} {[%emt 00:04:16]} 23.
b4 {[%clk 01:07:32]} {[%emt 00:09:20]} Rc8 {[%clk 01:07:46]} {[%emt 00:03:52]}
24. Be2 {[%clk 01:04:10]} {[%emt 00:03:52]} Bc6 {[%clk 00:59:05]} {[%emt
00:09:12]} 25. Bc4 {[%clk 00:58:46]} {[%emt 00:05:54]} Bd7 {[%clk 00:54:54]}
{[%emt 00:04:41]} 26. Be2 {[%clk 00:58:22]} {[%emt 00:00:53]} Bc6 {[%clk
00:53:18]} {[%emt 00:02:07]} 27. Ra3 {[%clk 00:56:22]} {[%emt 00:02:30]} f5
{[%clk 00:51:16]} {[%emt 00:02:31]} 28. Bc4 {[%clk 00:52:16]} {[%emt 00:04:37]}
Kh8 {[%clk 00:51:34]} {[%emt 00:00:11]} 29. exf5 {[%clk 00:46:11]} {[%emt
00:06:35]} Rxf5 {[%clk 00:48:07]} {[%emt 00:03:57]} 30. Ne3 {[%clk 00:40:49]}
{[%emt 00:05:52]} Rf6 {[%clk 00:42:18]} {[%emt 00:06:19]} 31. Bd5 {[%emt
00:05:07]} Ra8 {[%clk 00:19:31]} {[%emt 00:23:15]} 32. O-O {[%clk 00:31:15]}
{[%emt 00:05:29]} Rf8 {[%clk 00:16:27]} {[%emt 00:03:34]} 33. Bxc6 {[%clk
00:29:31]} {[%emt 00:02:14]} Qxc6 {[%clk 00:16:51]} {[%emt 00:00:06]} 34. Qd5
{[%clk 00:29:47]} {[%emt 00:00:15]} Qxd5 {[%clk 00:16:34]} {[%emt 00:00:47]}
35. Nxd5 {[%clk 00:30:10]} {[%emt 00:00:07]} Bxh4 {[%clk 00:16:29]} {[%emt
00:00:36]} 36. g3 {[%clk 00:29:56]} {[%emt 00:00:44]} Bf6 {[%clk 00:15:10]}
{[%emt 00:01:48]} 37. Rfa1 {[%clk 00:29:14]} {[%emt 00:01:12]} Kg8 {[%clk
00:15:18]} {[%emt 00:00:22]} 38. Rxa4 {[%clk 00:29:21]} {[%emt 00:00:23]} Rxa4
{[%clk 00:15:38]} {[%emt 00:00:09]} 39. Rxa4 {[%clk 00:29:44]} {[%emt
00:00:06]} Kf7 {[%clk 00:15:11]} {[%emt 00:00:57]} 40. b5 {[%clk 00:27:13]}
{[%emt 00:03:01]} Rb8 {[%clk 00:09:28]} {[%emt 00:06:13]} 41. c4 {[%clk
00:25:16]} {[%emt 00:02:27]} e4 {[%clk 00:08:03]} {[%emt 00:01:55]} 42. Ra7+
{[%clk 00:11:00]} {[%emt 00:14:46]} Ke6 {[%clk 00:07:28]} {[%emt 00:01:04]} 43.
b6 {[%clk 00:08:22]} {[%emt 00:03:09]} Bd8 {[%clk 00:02:36]} {[%emt 00:05:22]}
44. g4 {[%clk 00:06:05]} {[%emt 00:02:47]} Ke5 {[%clk 00:01:31]} {[%emt
00:01:36]} 45. b7 {[%clk 00:05:22]} {[%emt 00:01:12]} e3 {[%clk 00:20:12]}
{[%emt 00:11:49]} 46. fxe3 {[%clk 00:34:22]} {[%emt 00:01:29]} Bg5 {[%clk
00:20:30]} {[%emt 00:00:12]} 47. Kf2 {[%clk 00:32:57]} {[%emt 00:01:56]} Ke4
{[%clk 00:20:26]} {[%emt 00:00:34]} 48. Ke2 {[%clk 00:31:24]} {[%emt 00:02:03]}
g6 {[%clk 00:19:40]} {[%emt 00:01:16]} 49. Ra8 {[%clk 00:25:20]} {[%emt
00:06:34]} Rxb7 {[%clk 00:19:23]} {[%emt 00:00:47]} 50. Re8+ {[%clk 00:25:42]}
{[%emt 00:00:07]} 1-0

[Event "DEM U16 2025"]
[Site "Willingen GER"]
[Date "2025.06.08"]
[Round "2"]
[White "Bangert, Jonas"]
[Black "Schwitkowski, Luka"]
[Result "0-1"]
[Termination "normal"]
[Board "12"]
[WhiteElo "1969"]
[BlackElo "2129"]
[WhiteClock "00:01:39"]
[BlackClock "00:12:02"]
[PlyCount "83"]
[WhiteFideId "16289650"]
[BlackFideId "34610669"]
[EventCountry "GER"]
[EventRounds "9"]
[EventType "swiss"]
[EventDate "2025.06.07"]

1. d4 {[%clk 01:30:57]} {[%emt 00:00:02]} Nf6 {[%clk 01:30:44]} {[%emt
00:00:16]} 2. c4 {[%clk 01:31:16]} {[%emt 00:00:12]} e6 {[%clk 01:29:53]}
{[%emt 00:01:20]} 3. Nf3 {[%clk 01:31:11]} {[%emt 00:00:35]} d5 {[%clk
01:29:28]} {[%emt 00:00:56]} 4. Nc3 {[%clk 01:31:26]} {[%emt 00:00:14]} c6
{[%clk 01:29:47]} {[%emt 00:00:11]} 5. Bg5 {[%clk 01:31:16]} {[%emt 00:00:40]}
h6 {[%clk 01:29:50]} {[%emt 00:00:27]} 6. Bh4 {[%clk 01:30:59]} {[%emt
00:00:47]} dxc4 {[%clk 01:29:52]} {[%emt 00:00:29]} 7. a4 {[%clk 01:29:07]}
{[%emt 00:02:22]} Bb4 {[%clk 01:30:02]} {[%emt 00:00:19]} 8. e3 {[%clk
01:26:51]} {[%emt 00:02:46]} b5 {[%clk 01:24:40]} {[%emt 00:05:52]} 9. Be2
{[%clk 01:23:15]} {[%emt 00:04:07]} Bb7 {[%clk 01:15:07]} {[%emt 00:10:03]} 10.
O-O {[%clk 01:20:01]} {[%emt 00:03:44]} a6 {[%clk 01:12:32]} {[%emt 00:03:04]}
11. Qc2 {[%clk 01:02:33]} {[%emt 00:17:58]} Nbd7 {[%clk 01:01:47]} {[%emt
00:11:15]} 12. Rfc1 {[%clk 00:57:00]} {[%emt 00:06:03]} Qb6 {[%clk 00:39:03]}
{[%emt 00:23:15]} 13. b3 {[%clk 00:37:08]} {[%emt 00:20:22]} Nd5 {[%clk
00:29:54]} {[%emt 00:09:38]} 14. Na2 {[%clk 00:33:02]} {[%emt 00:04:36]} cxb3
{[%clk 00:29:20]} {[%emt 00:01:04]} 15. Qxb3 {[%clk 00:33:24]} {[%emt
00:00:09]} Bd6 {[%clk 00:28:38]} {[%emt 00:01:11]} 16. Bg3 {[%clk 00:21:14]}
{[%emt 00:12:41]} Bxg3 {[%clk 00:23:14]} {[%emt 00:05:53]} 17. hxg3 {[%clk
00:21:37]} {[%emt 00:00:07]} O-O {[%clk 00:23:11]} {[%emt 00:00:33]} 18. Nc3
{[%clk 00:15:06]} {[%emt 00:07:01]} Nxc3 {[%clk 00:22:03]} {[%emt 00:01:37]}
19. Rxc3 {[%clk 00:14:07]} {[%emt 00:01:30]} Rfc8 {[%clk 00:22:13]} {[%emt
00:00:19]} 20. a5 {[%clk 00:13:10]} {[%emt 00:01:29]} Qd8 {[%clk 00:21:57]}
{[%emt 00:00:44]} 21. Qa3 {[%clk 00:12:23]} {[%emt 00:01:18]} Qf8 {[%clk
00:12:55]} {[%emt 00:09:31]} 22. Qxf8+ {[%clk 00:11:17]} {[%emt 00:01:36]} Kxf8
{[%clk 00:13:23]} {[%emt 00:00:01]} 23. Rac1 {[%clk 00:10:38]} {[%emt
00:01:10]} Rc7 {[%clk 00:13:44]} {[%emt 00:00:08]} 24. Nd2 {[%clk 00:05:22]}
{[%emt 00:05:48]} c5 {[%clk 00:10:05]} {[%emt 00:04:08]} 25. dxc5 {[%clk
00:05:08]} {[%emt 00:00:44]} Rac8 {[%clk 00:10:34]} 26. Nb3 {[%clk 00:00:40]}
{[%emt 00:04:59]} Bd5 {[%clk 00:10:58]} {[%emt 00:00:05]} 27. c6 {[%clk
00:00:46]} {[%emt 00:00:24]} Rxc6 {[%clk 00:11:22]} {[%emt 00:00:05]} 28. Rxc6
{[%clk 00:01:09]} {[%emt 00:00:08]} Rxc6 {[%clk 00:11:44]} {[%emt 00:00:08]}
29. Rxc6 {[%clk 00:00:49]} {[%emt 00:00:51]} Bxc6 {[%clk 00:12:12]} 30. Nd4
{[%clk 00:00:35]} {[%emt 00:00:44]} Bb7 {[%clk 00:12:14]} {[%emt 00:00:27]} 31.
Kf1 {[%clk 00:00:37]} {[%emt 00:00:29]} Ke7 {[%clk 00:12:00]} {[%emt 00:00:43]}
32. Bf3 {[%emt 00:00:33]} Bxf3 {[%clk 00:12:15]} {[%emt 00:00:13]} 33. gxf3
{[%clk 00:01:03]} {[%emt 00:00:04]} Kd6 {[%clk 00:12:13]} {[%emt 00:00:31]} 34.
Ke2 {[%clk 00:01:04]} {[%emt 00:00:30]} g6 {[%clk 00:12:16]} {[%emt 00:00:26]}
35. f4 {[%clk 00:01:02]} {[%emt 00:00:33]} Nc5 {[%clk 00:12:35]} {[%emt
00:00:11]} 36. f3 {[%clk 00:00:35]} {[%emt 00:00:57]} f6 {[%clk 00:12:34]}
{[%emt 00:00:30]} 37. e4 {[%clk 00:00:32]} {[%emt 00:00:34]} e5 {[%clk
00:12:49]} {[%emt 00:00:14]} 38. fxe5+ {[%clk 00:00:49]} {[%emt 00:00:15]} fxe5
{[%clk 00:13:18]} 39. Nc2 {[%clk 00:00:51]} {[%emt 00:00:27]} Nb3 {[%clk
00:11:13]} {[%emt 00:02:33]} 40. Nb4 {[%clk 00:01:16]} {[%emt 00:00:07]} Nxa5
{[%clk 00:11:41]} {[%emt 00:00:02]} 41. Nxa6 {[%clk 00:01:39]} {[%emt
00:00:08]} Nc6 {[%clk 00:12:02]} {[%emt 00:00:08]} 42. f4 {[%emt 00:00:21]} 0-1